Fast Food Restaurants Quiz Stats

 Plays Quiz not verified by Sporcle

Score 0/41 Timer 08:00
0 Plays Today
Headquarters Restaurant % Correct
Oak Brook, IllinoisMcDonald's
92.8%
Miami, Florida & AustraliaBurger King
86.1%
Louisville, KentuckyKFC
84.2%
Dublin, OhioWendy's
79.2%
Milford, ConnecticutSubway
77.7%
Irvine, CaliforniaTaco Bell
71%
Addison, TexasPizza Hut
70.8%
Sandy Springs, GeorgiaArby's
68.8%
Rosemead, CaliforniaPanda Express
59.4%
Canton, MassachusettsDunkin' Donuts
59.2%
Denver, ColoradoQuiznos
57.2%
Atlanta, GeorgiaPopeye's
55.7%
Louisville, KentuckyLong John Silver's
54.2%
Oklahoma City, OklahomaSonic
48.3%
Irvine, CaliforniaIn-N-Out
46.5%
Edina, MinnesotaDairy Queen
44.8%
Winston-Salem, North CarolinaKrispy Kreme
43.3%
St. Louis, MissouriHardee's
41.8%
Columbus, OhioWhite Castle
41.1%
San Diego, CaliforniaJack in the Box
39.4%
Louisville, KYA&W
34.4%
Headquarters Restaurant % Correct
Atlanta, GeorgiaChurch's
30%
Tampa, FloridaCheckers
29%
Wheat Ridge, ColoradoQdoba
23.3%
Yermo, CaliforniaDel Taco
20.8%
Indianapolis, IndianaSteak n Shake
20.5%
Nashville, TennesseeCaptain D's
17.1%
Charlotte, North CarolinaBojangles
15.8%
Scottsdale, ArizonaBlimpie
13.4%
Chattanooga, TennesseeKrystal
11.1%
Atlanta, GeorgiaMoe's
8.4%
Pasig City, PhilippinesChowking
4.2%
Johannesburg, South AfricaChicken Licken
4%
Pasig City, PhilippinesJollibee
4%
Balcatta, Western AustraliaRed Rooster
3.5%
London, EnglandChicken Cottage
3.2%
Turku, FinlandHesburger
3.2%
Columbus, OhioCharley's
2.7%
Birmingham, AlabamaChester's
2.5%
Madison Heights, MichiganHungry Howie's
2%
Midvale, UtahArctic Circle
0.5%

You're not logged in!

Compare scores with friends on all Sporcle quizzes.
OR
Log In

Show Comments

Extras

Top Quizzes Today


Score Distribution

Your Account Isn't Verified!

In order to create a playlist on Sporcle, you need to verify the email address you used during registration. Go to your Sporcle Settings to finish the process.

Report this User

Report this user for behavior that violates our Community Guidelines.

Details: